000 00589nam a2200169Ia 4500
008 151213s9999 xx 000 0 und d
020 _a9840502506
100 _aমআবু তাহের মজুমদার।
245 _aজীবনান্দ
_cমআবু তাহের মজুমদার।
250 _a১ম সং
260 _aঢাকা
_bইউনিভারসিটি প্রেস।
_c2002
300 _a4384 p.
650 _aBangla
650 _aকবিতা
700 _aমআবু তাহের মজুমদার।
999 _c2783
_d2783